| 000 -LEADER |
| fixed length control field |
01524cam a2200385 i 4500 |
| 001 - CONTROL NUMBER |
| control field |
19852683 |
| 003 - CONTROL NUMBER IDENTIFIER |
| control field |
NUST |
| 005 - DATE AND TIME OF LATEST TRANSACTION |
| control field |
20191018101725.0 |
| 008 - FIXED-LENGTH DATA ELEMENTS--GENERAL INFORMATION |
| fixed length control field |
170728s2017 ncu b 000 0 eng |
| 010 ## - LIBRARY OF CONGRESS CONTROL NUMBER |
| LC control number |
2017023486 |
| 020 ## - INTERNATIONAL STANDARD BOOK NUMBER |
| International Standard Book Number |
9781681239323 (pbk.) |
| 020 ## - INTERNATIONAL STANDARD BOOK NUMBER |
| International Standard Book Number |
9781681239330 (hardcover) |
| 020 ## - INTERNATIONAL STANDARD BOOK NUMBER |
| Canceled/invalid ISBN |
9781681239347 (e-book) |
| 038 ## - RECORD CONTENT LICENSOR |
| Staff Name |
ATTA |
| 040 ## - CATALOGING SOURCE |
| Original cataloging agency |
DLC |
| Language of cataloging |
eng |
| Transcribing agency |
DLC |
| Description conventions |
rda |
| Modifying agency |
DLC |
| 042 ## - AUTHENTICATION CODE |
| Authentication code |
pcc |
| 050 00 - LIBRARY OF CONGRESS CALL NUMBER |
| Classification number |
HF5549.5.P35 |
| Item number |
C65 2017 |
| 082 00 - DEWEY DECIMAL CLASSIFICATION NUMBER |
| Classification number |
658.3125 COL |
| Edition number |
23 |
| 100 1# - MAIN ENTRY--PERSONAL NAME |
| Personal name |
Colquitt, Alan L., |
| Relator term |
author. |
| 9 (RLIN) |
24305 |
| 245 10 - TITLE STATEMENT |
| Title |
Next generation performance management : |
| Remainder of title |
the triumph of science over myth and superstition / |
| Statement of responsibility, etc. |
Alan L. Colquitt. |
| 264 #1 - PRODUCTION, PUBLICATION, DISTRIBUTION, MANUFACTURE, AND COPYRIGHT NOTICE |
| Place of production, publication, distribution, manufacture |
Charlotte, NC : |
| Name of producer, publisher, distributor, manufacturer |
IAP- Information Age Publishing, Inc., |
| Date of production, publication, distribution, manufacture, or copyright notice |
[2017] |
| 300 ## - PHYSICAL DESCRIPTION |
| Extent |
xxi, 214 pages ; |
| Dimensions |
24 cm |
| 336 ## - CONTENT TYPE |
| Content type term |
text |
| Content type code |
txt |
| Source |
rdacontent |
| 337 ## - MEDIA TYPE |
| Media type term |
unmediated |
| Media type code |
n |
| Source |
rdamedia |
| 338 ## - CARRIER TYPE |
| Carrier type term |
volume |
| Carrier type code |
nc |
| Source |
rdacarrier |
| 504 ## - BIBLIOGRAPHY, ETC. NOTE |
| Bibliography, etc. note |
Includes bibliographical references (pages 165-211) |
| 650 #0 - SUBJECT ADDED ENTRY--TOPICAL TERM |
| Topical term or geographic name entry element |
Performance |
| General subdivision |
Management. |
| 9 (RLIN) |
13686 |
| 650 #0 - SUBJECT ADDED ENTRY--TOPICAL TERM |
| Topical term or geographic name entry element |
Personnel management. |
| 9 (RLIN) |
1204 |
| 650 #0 - SUBJECT ADDED ENTRY--TOPICAL TERM |
| Topical term or geographic name entry element |
Employee motivation. |
| 9 (RLIN) |
4008 |
| 650 #0 - SUBJECT ADDED ENTRY--TOPICAL TERM |
| Topical term or geographic name entry element |
Organizational change. |
| 9 (RLIN) |
4326 |
| 776 08 - ADDITIONAL PHYSICAL FORM ENTRY |
| Relationship information |
Online version: |
| Main entry heading |
Colquitt, Alan L., author. |
| Title |
Next generation performance management |
| Place, publisher, and date of publication |
Charlotte, NC : IAP- Information Age Publishing, Inc., [2017] |
| International Standard Book Number |
9781681239347 |
| Record control number |
(DLC) 2017036553 |
| 906 ## - LOCAL DATA ELEMENT F, LDF (RLIN) |
| a |
7 |
| b |
cbc |
| c |
orignew |
| d |
1 |
| e |
ecip |
| f |
20 |
| g |
y-gencatlg |
| 942 ## - ADDED ENTRY ELEMENTS (KOHA) |
| Source of classification or shelving scheme |
|
| Koha item type |
Thesis |